00730nam a2200169 i 4500001000700000003000900007005001700016008004100033080002300074100004100097245015600138260006500294300002600359510001800385650004000403852011700443164848ES-MaACL20230906213023.0830912s1788 sp |||| | spa d a615.11(460.23)"17"1 aSavall y Valldejuli, José Antonio.10aDiscurso sobre la necesidad de una farmacopea nueva en la ciudad de Barcelona y Principado de Cataluña / cpor Joseph Antonio Savall y Valldejuli ... aBarcelona : bpor Francisco Suriá y Burgada, imp., c1788. a[8], 27 p. ; c20 cm.4 aPalau 303.19004aFarmacopeas-zCataluña-yS.XVIII. aES-MaACLjR-3431(3) z- Enc. pasta z. - Ex-libris de Mateo Seoanez- Enc. en un vol. facticio x- Olim: T-630-F